Sobre la muerte : (Record no. 15671)
[ view plain ]
| 000 -LEADER | |
|---|---|
| campo de control de longitud fija | 01017nam a2200301 4500 |
| 001 - NÚMERO DE CONTROL | |
| campo de control | 15671 |
| 003 - IDENTIFICADOR DE NÚMERO DE CONTROL | |
| campo de control | ES-MaACL |
| 005 - FECHA Y HORA DE LA ÚLTIMA TRANSACCIÓN | |
| campo de control | 20250805063222.0 |
| 007 - CAMPO FIJO DE DESCRIPCIÓN FÍSICA--INFORMACIÓN GENERAL | |
| campo de control de longitud fija | t| |
| 008 - DATOS DE LONGITUD FIJA--INFORMACIÓN GENERAL | |
| campo de control de longitud fija | 000504s1984 sp ||||0| spa j |
| 017 ## - NÚMERO DE COPYRIGHT O DE DEPÓSITO LEGAL | |
| Número de copyright o de depósito legal | M 49-1984 |
| Agencia que asigna | Oficina Depósito Legal Madrid |
| 020 ## - NÚMERO INTERNACIONAL ESTÁNDAR DEL LIBRO | |
| Número Internacional Estándar del Libro | 84-7490-091-3 |
| 040 ## - FUENTE DE CATALOGACIÓN | |
| Centro catalogador/agencia de origen | IBH |
| Lengua de catalogación | spa |
| Centro/agencia transcriptor | M-BN-DP |
| 080 ## - NÚMERO DE LA CLASIFICACIÓN DECIMAL UNIVERSAL | |
| Número de la Clasificación Decimal Universal | 236.1 |
| 100 1# - ENTRADA PRINCIPAL--NOMBRE DE PERSONA | |
| Nombre de persona | Hildebrand, Dietrich von, |
| Fechas asociadas al nombre | 1889-1977 |
| Término indicativo de función/relación | Autor |
| 9 (RLIN) | 63679 |
| 245 10 - MENCIÓN DEL TÍTULO | |
| Título | Sobre la muerte : |
| Resto del título | escrito póstumo / |
| Mención de responsabilidad, etc. | Dietrich von Holdebrand ; [traducción del alemán, Rogelio Rovira] |
| 260 ## - PUBLICACIÓN, DISTRIBUCIÓN, ETC. | |
| Lugar de publicación, distribución, etc. | Madrid : |
| Nombre del editor, distribuidor, etc. | Encuentro, |
| Fecha de publicación, distribución, etc. | [1984] |
| 300 ## - DESCRIPCIÓN FÍSICA | |
| Extensión | 156 páginas ; |
| Dimensiones | 18 cm |
| 490 1# - MENCIÓN DE SERIE | |
| Mención de serie | Libros de bolsillo (Encuentro) ; |
| Designación de volumen o secuencia | 23 |
| RLIN | 241571 |
| 650 #7 - PUNTO DE ACCESO ADICIONAL DE MATERIA--TÉRMINO DE MATERIA | |
| Término de materia o nombre geográfico como elemento de entrada | Muerte |
| Fuente del encabezamiento o término | embne |
| 9 (RLIN) | 15241 |
| 700 1# - ENTRADA AGREGADA--NOMBRE PERSONAL | |
| Nombre de persona | Rovira, Rogelio, |
| Fechas asociadas al nombre | 1956- |
| Término indicativo de función/relación | Traductor |
| 9 (RLIN) | 100139 |
| 830 #0 - PUNTO DE ACCESO ADICIONAL DE SERIE-TÍTULO UNIFORME | |
| Título uniforme | Libros de bolsillo (Encuentro) ; |
| Designación de volumen o secuencia | 23 |
| 9 (RLIN) | 241571 |
| 852 ## - LOCALIZACIÓN | |
| Ubicación | ES-MaACL |
| Sublocalización o colección | R.113998 |
| Ubicación en estantería | Depósito 2 |
| Número de control de estantería | L-22976 |
| 942 ## - ELEMENTOS DE ENTRADA SECUNDARIOS (KOHA) | |
| Fuente del sistema de clasificación o colocación | Clasificación decimal universal |
| Tipo de ítem Koha | Libro impreso |
| Suprimir en OPAC | No |
| Estatus retirado | Estado de pérdida | Estado de daño | No para préstamo | Biblioteca de origen | Biblioteca actual | Ubicación en estantería | Fecha de adquisición | Fuente de adquisición | Total de préstamos | Signatura topográfica completa | Código de barras | Visto por última vez | Precio de reemplazo | Tipo de ítem Koha |
|---|---|---|---|---|---|---|---|---|---|---|---|---|---|---|
| Biblioteca del Ateneo de Madrid | Biblioteca del Ateneo de Madrid | Depósito 2 | 17/01/2008 | L-22976 | 1015930 | 23/02/2023 | 23/02/2023 | Libro impreso |
